MDQL
is popping MORE tags! Check the
thread
!
Quizzes
Events
Quiz Creation
Community
Videos
Private Events
Remove Ads
Sign In
Join for FREE
Feedback
Dark Mode
Quiz Categories
Sports
Geography
Music
Movies
Television
Just For Fun
Miscellaneous
History
Literature
Language
Science
Gaming
Entertainment
Religion
Holiday
For Kids
Quiz Lab
Recent
Popular Today
Quiz Kudos Today
Editor Picks
Curator Picks
Quizzes by...
Day
Popularity
Type
Ratings
Length
Year
Community
Subscriptions
Recent Discussions
Orange Saloon
Badges
Playlists
Quests
Create
Leaderboards
Showdown
Live 5
Trivia Bingo
Activity
Puzzle Library
Sporcle Events
Private Events
Virtual Trivia
Globe League
Become a Host
Pub Owners
SporcleCon
Opinionation
Our Games
Videos
Blog
Mobile Apps
Partnerships
Remove Ads and Go Orange
Feedback
Television
TV Characters
TV Show
Sitcom
Network
Friends
Reality Shows
Cast
South Park
Star Trek
The Simpsons
Doctor Who
Television
TV Characters
TV Show
Sitcom
Network
Friends
Reality Shows
Cast
South Park
Star Trek
The Simpsons
Doctor Who
Random Quiz
Search Sporcle
×
Quiz Lab
Quiz Lab
Television
Anime
Type in answers that appear in a list
Type in answers that appear in a list
Classic
Best Score? Go Orange.
Aikatsu! Idols Stats
Can you name the recurring Aikatsu! Idols?
By
junkhopeless
6m
26 Questions
1,743 Plays
1,743 Plays
1,743 Plays
Comments
Comments
Give Quiz Kudos
Give Quiz Kudos
-
- Ratings
hide this ad
Random Order
Randomize order of answers
Randomize order of answers
Replay
Link that replays current quiz
Next Quiz
Link to next quiz in quiz playlist
You Got
0%
They Got
Avg Score
74%
Avg Friend Score
Upgrade to see
Score Distribution
Jump to the score distribution portion of the page
Score
0/26
Timer
06:00
0
Plays Today
Introduced
Idol
% Correct
S1
Ichigo Hoshimiya
92.8%
S1
Aoi Kiriya
92.2%
S1
Ran Shibuki
91.8%
S1
Mizuki Kanzaki
87.5%
S1
Otome Arisugawa
85.3%
S2
Akari Oozora
83.7%
S1
Yurika Toudou
80.6%
S2
Seira Otoshiro
80.5%
S1
Sakura Kitaouji
80.4%
S3
Sumire Hikami
78.7%
S2
Sora Kazesawa
78.1%
S2
Kii Saegusa
77.7%
S2
Maria Himesato
77%
Introduced
Idol
% Correct
S3
Rin Kurosawa
75.8%
S1
Kaede Ichinose
73.5%
S2
Mikuru Natsuki
72.2%
S1
Ringo Hoshimiya
71.9%
S3
Hinaki Shinjou
71.4%
S3
Juri Kurebayashi
71.1%
S3
Madoka Amahane
71%
S1
Shion Kamiya
65.7%
S1
Orihime Mitsuishi
62.8%
S1
Hikari Minowa
61.7%
S3
Kokone Kurisu
57.7%
S3
Miyabi Fujiwara
56.3%
S2
Yuu Hattori
45.2%
Quiz Playlist
Details
Report
Send in Message
Add To Playlist
Classic:
Type in answers that appear in a list
Random Order:
Randomize order of answers
Last Updated: Feb 16, 2017
Quiz Scoreboard
CHALLENGE
Sign Up to Join the Scoreboard
Show All
Scores
Hide
Comments
May contain spoilers
Recently Published
Image Sorting: Flags VI
by Barbecue
Geography
2m
Find the 'City' Movie
by crazypaving
Movies
60s
Colored Red Africa Blitz
by spor1
Geography
45s
More to Explore
Quiz From the Vault
Featured Blog Post
14 Easter Pick-up Lines to Find Eggs With
hide this ad
You Might Also Like...
Tags
Anime Quiz
idol
Today's Top Quizzes in Television
Browse Television
hide this ad
Today's Top Quizzes in Anime
Browse Anime
Top Contributed Quizzes in Television
1
Survivor Journey Challenge
2
Brooklyn Nine Nine Logic Puzzle (How-To-Play)
3
Total Drama Characters
4
Phoebe Buffay Quotes
5
Survivor Heroes vs. Villains Logic Puzzle
6
Adjectives in 00s TV Shows
7
Survivor Trivia
8
Game of Thrones: Tywin Lannister Start to Finish
9
Emmerdale Characters (from August 2012)
10
Survivor Logic Puzzle: Heroes vs. Villains
Explore More
Trending Topics
Harry Potter
Disney
NBA
Anime
Kpop
Crossword
Marvel
Pokémon
Puzzle
Country
The Office
WWE
Soccer
Song
NFL
hide this ad
More By:
junkhopeless
Quiz
Plays
Rating
Category
Featured
Created
Aikatsu! Idols
1,743
Television
Aug 15, 2015
Go to Creator's Profile
Score Distribution
Quiz Creator Spotlight
junkhopeless
Follow
Send a Message
Quizzes Created
-
Created Quiz Play Count
-
More By This Creator
Popular Quizzes Today
1
Colored Red Africa Blitz
2
Find the US States - No Outlines Minefield
3
Find the 'City' Movie
4
5x2 Blitz: Bands
5
The Countries of the World
6
Find the US States
7
Find the Countries of Europe - No Outlines Minefield
8
US States
More Television Quizzes
50 One Tree Hill Characters (Season 1-6)
Quiz Lab
Trending Quizzes
Colored Red Europe Blitz I
Colored Red Europe Blitz II
Colored Red Africa Blitz II
Colored Red Europe Blitz III
Colored Red Africa Blitz III
Recently Updated
How Do You Spell That?
pecheneg
Godzilla Movies
pecheneg
Grab Bag: 4-10 Letters
pecheneg
2024 March Madness Bracket
pecheneg
Famous TV Couples
Peacemaker
Champions League XIs: Real Madrid
pecheneg
Largest US Cities 1790-2010
pecheneg
Rides in Walt Disney World
pecheneg
Most Oscar Losses (Acting)
pecheneg
Beyoncé Albums
pecheneg
Trending Topics
Anime
NBA
Kpop
Disney
Crossword
Marvel
Harry Potter
The Office
WWE
Puzzle
Country
Pokémon
Song
Soccer
NFL
Your Account Isn't Verified!
In order to create a playlist on Sporcle, you need to verify the email address you used during registration. Go to your
Sporcle Settings
to finish the process.
Report this User
Report this user for behavior that violates our
Community Guidelines
.
Details:
Send Report
Go to the Sporcle.com Mobile Site →
Comments